000 00669nam a2200181 a 4500
001 000005034
005 20200929151549.0
008 090729s2004 dr 000 0 spa d
040 _aDO-SdBNP
_bspa
_cBNPHU
082 _axxxx
_bP438c
100 1 _aPérez Sánchez, Manuel de Js.
_914497
245 1 0 _aCatedra de penal :
_bapuntes para una aproximación al derecho penal general en la República Dominicana /
_cManuel de Js. Pérez Sánchez.
250 _a2a ed.
260 _aSanto Domingo :
_b[s.n.],
_c2004.
300 _a166 p. ;
_c21 cm.
504 _aIncluye referencias bibliográficas y notas al pie de las páginas
504 _aIncluye bibliografías (p. 159-166)
999 _c4839
_d4839